<?xml version="1.0" encoding="UTF-8"?>
<record
    xmlns:xsi="http://www.w3.org/2001/XMLSchema-instance"
    xsi:schemaLocation="http://www.loc.gov/MARC21/slim http://www.loc.gov/standards/marcxml/schema/MARC21slim.xsd"
    xmlns="http://www.loc.gov/MARC21/slim">

  <leader>01867nka a2200349 i 4500</leader>
  <controlfield tag="001">102945</controlfield>
  <controlfield tag="003">ES-MaACL</controlfield>
  <controlfield tag="005">20250824093143.0</controlfield>
  <controlfield tag="007">t|</controlfield>
  <controlfield tag="008">051221e1871    sp f   |     |r||1c|spa d</controlfield>
  <datafield tag="100" ind1="1" ind2=" ">
    <subfield code="a">Maura Montaner, Bartolom&#xE9;,</subfield>
    <subfield code="d">1844-1926</subfield>
    <subfield code="e">etr</subfield>
    <subfield code="9">79222</subfield>
  </datafield>
  <datafield tag="245" ind1="1" ind2="1">
    <subfield code="a">[Retrato de Felipe IV, Rey de Espa&#xF1;a] </subfield>
    <subfield code="h">[Material gr&#xE1;fico] / </subfield>
    <subfield code="c">Vel&#xE1;zquez lo pint&#xF3; ; B. Maura lo grab&#xF3;</subfield>
  </datafield>
  <datafield tag="260" ind1=" " ind2=" ">
    <subfield code="a">[S.l. : </subfield>
    <subfield code="b">s.n., </subfield>
    <subfield code="c">1871]</subfield>
  </datafield>
  <datafield tag="300" ind1=" " ind2=" ">
    <subfield code="a">1 estampa : </subfield>
    <subfield code="b">grabado calcogr&#xE1;fico ; </subfield>
    <subfield code="c">446 x 442 mm</subfield>
  </datafield>
  <datafield tag="490" ind1="1" ind2=" ">
    <subfield code="a">Colecci&#xF3;n facticia de grabados ;</subfield>
    <subfield code="v">21</subfield>
    <subfield code="9">184692</subfield>
  </datafield>
  <datafield tag="500" ind1=" " ind2=" ">
    <subfield code="a">Inscripci&#xF3;n: "Retrato de Felipe IV"</subfield>
  </datafield>
  <datafield tag="520" ind1=" " ind2=" ">
    <subfield code="a">El monarca aparece representado de perfil, vestido con una armadura, bast&#xF3;n de mando y banda carmes&#xED; de general. El caballo alza las patas delanteras en una maniobra de alta escuela de equitaci&#xF3;n denominada levade o corveta, para la que el rey emplea una sola mano. As&#xED; da una muestra de dominio y capacidad de mando, siendo una alegor&#xED;a del poder. Parad&#xF3;jicamente, el poder en estos momentos estaba en manos del valido de su majestad, el omnipotente Conde-Duque de Olivares</subfield>
  </datafield>
  <datafield tag="530" ind1=" " ind2=" ">
    <subfield code="a">Disponible en formato digital</subfield>
  </datafield>
  <datafield tag="600" ind1="0" ind2="4">
    <subfield code="a">Felipe </subfield>
    <subfield code="b">IV, </subfield>
    <subfield code="c">Rey de Espa&#xF1;a-</subfield>
    <subfield code="x">Retratos</subfield>
    <subfield code="9">236357</subfield>
  </datafield>
  <datafield tag="650" ind1=" " ind2="4">
    <subfield code="a">Reyes y soberanos-</subfield>
    <subfield code="y">S.XVII</subfield>
    <subfield code="9">241973</subfield>
  </datafield>
  <datafield tag="650" ind1=" " ind2="7">
    <subfield code="a">Caballos</subfield>
    <subfield code="2">embne</subfield>
    <subfield code="9">135700</subfield>
  </datafield>
  <datafield tag="655" ind1=" " ind2="7">
    <subfield code="a">Grabados calcogr&#xE1;ficos</subfield>
    <subfield code="2">tgfbne</subfield>
    <subfield code="9">241761</subfield>
  </datafield>
  <datafield tag="655" ind1=" " ind2="7">
    <subfield code="a">Grabados</subfield>
    <subfield code="2">tgfbne</subfield>
    <subfield code="9">226846</subfield>
  </datafield>
  <datafield tag="655" ind1=" " ind2="4">
    <subfield code="a">Reproducciones de obras de arte</subfield>
    <subfield code="9">241931</subfield>
  </datafield>
  <datafield tag="700" ind1="1" ind2=" ">
    <subfield code="a">Vel&#xE1;zquez, Diego,</subfield>
    <subfield code="d">1599-1660</subfield>
    <subfield code="e">art</subfield>
    <subfield code="9">113793</subfield>
  </datafield>
  <datafield tag="830" ind1=" " ind2="0">
    <subfield code="a">Colecci&#xF3;n facticia de grabados ;</subfield>
    <subfield code="v">21</subfield>
    <subfield code="9">184692</subfield>
  </datafield>
  <datafield tag="852" ind1="4" ind2=" ">
    <subfield code="a">ES-MaACL</subfield>
    <subfield code="c">DEPO2</subfield>
    <subfield code="j">GF-2(21)</subfield>
  </datafield>
  <datafield tag="856" ind1="4" ind2=" ">
    <subfield code="u">https://patrimoniodigital.ucm.es/s/patrimonio/item/1534092</subfield>
    <subfield code="y">Versi&#xF3;n en l&#xED;nea </subfield>
    <subfield code="z">(Patrimonio Digital Complutense) </subfield>
    <subfield code="3"> </subfield>
  </datafield>
  <datafield tag="942" ind1=" " ind2=" ">
    <subfield code="2">udc</subfield>
    <subfield code="c">DIBGRB</subfield>
    <subfield code="n">0</subfield>
  </datafield>
  <datafield tag="999" ind1=" " ind2=" ">
    <subfield code="c">102945</subfield>
    <subfield code="d">102945</subfield>
  </datafield>
  <datafield tag="952" ind1=" " ind2=" ">
    <subfield code="0">0</subfield>
    <subfield code="1">0</subfield>
    <subfield code="2">udc</subfield>
    <subfield code="4">0</subfield>
    <subfield code="7">0</subfield>
    <subfield code="8">Colecci&#xF3;n_digital</subfield>
    <subfield code="a">ATENEOM</subfield>
    <subfield code="b">ATENEOM</subfield>
    <subfield code="c">DEPO2</subfield>
    <subfield code="d">2008-01-17</subfield>
    <subfield code="l">0</subfield>
    <subfield code="o">GF-2(21)</subfield>
    <subfield code="p">1107487</subfield>
    <subfield code="r">2023-02-23 00:00:00</subfield>
    <subfield code="y">DIBGRB</subfield>
  </datafield>
</record>
